Journal of Interventional Cardiac Electrophysiology (Запис № 457078)
[ простий вигляд ]
| 000 -LEADER | |
|---|---|
| fixed length control field | 02716nas a22002895i 4500 |
| 001 - CONTROL NUMBER | |
| control field | 1572-8595 |
| 003 - CONTROL NUMBER IDENTIFIER | |
| control field | DE-He213 |
| 005 - DATE AND TIME OF LATEST TRANSACTION | |
| control field | 20200203194707.0 |
| 007 - PHYSICAL DESCRIPTION FIXED FIELD--GENERAL INFORMATION | |
| fixed length control field | cr nn 008mamaa |
| 008 - FIXED-LENGTH DATA ELEMENTS--GENERAL INFORMATION | |
| fixed length control field | 150723s||||||||xxuuu poo|||||| b|EN |d |
| 022 ## - INTERNATIONAL STANDARD SERIAL NUMBER | |
| International Standard Serial Number | 1572-8595 |
| 024 7# - OTHER STANDARD IDENTIFIER | |
| Standard number or code | 10.1007/10840.1572-8595 |
| Source of number or code | doi |
| 210 10 - ABBREVIATED TITLE | |
| Abbreviated title | J Interv Card Electrophysiol |
| 245 10 - TITLE STATEMENT | |
| Title | Journal of Interventional Cardiac Electrophysiology |
| Medium | [electronic resource] : |
| Remainder of title | An International Journal of Cardiac Arrhythmias and Rhythm Management / |
| Statement of responsibility, etc | edited by Andrea Natale. |
| 264 #1 - | |
| -- | New York : |
| -- | Springer US : |
| -- | Imprint: Springer. |
| 300 ## - PHYSICAL DESCRIPTION | |
| Other physical details | online resource. |
| 520 ## - SUMMARY, ETC. | |
| Summary, etc | The Journal of Interventional Cardiac Electrophysiology is an international publication devoted to fostering research in and development of interventional techniques and therapies for the management of cardiac arrhythmias. It is designed primarily to present original research studies and scholarly scientific reviews of basic and applied science and clinical research in this field. The Journal will adopt a multidisciplinary approach to link physical, experimental, and clinical sciences as applied to the development of and practice in interventional electrophysiology. The Journal will examine techniques ranging from molecular, chemical and pharmacologic therapies to device and ablation technology. Accordingly, original research in clinical, epidemiologic and basic science arenas will be considered for publication. Applied engineering or physical science studies pertaining to interventional electrophysiology will be encouraged. The Journal is committed to providing comprehensive and detailed treatment of major interventional therapies and innovative techniques in a structured and clinically relevant manner. It is directed at clinical practitioners and investigators in the rapidly growing field of interventional electrophysiology. The editorial staff and board reflect this bias and include noted international experts in this area with a wealth of expertise in basic and clinical investigation. Peer review of all submissions, conflict of interest guidelines and periodic editorial board review of all Journal policies have been established. |
| 650 #0 - SUBJECT ADDED ENTRY--TOPICAL TERM | |
| Topical term or geographic name as entry element | Cardiology. |
| 650 14 - SUBJECT ADDED ENTRY--TOPICAL TERM | |
| Topical term or geographic name as entry element | Cardiology. |
| -- | http://scigraph.springernature.com/things/product-market-codes/H33037 |
| 700 1# - ADDED ENTRY--PERSONAL NAME | |
| Personal name | Natale, Andrea. |
| Relator term | editor. |
| Relator code | edt |
| -- | http://id.loc.gov/vocabulary/relators/edt |
| 710 2# - ADDED ENTRY--CORPORATE NAME | |
| Corporate name or jurisdiction name as entry element | SpringerLink (Online service) |
| 776 08 - ADDITIONAL PHYSICAL FORM ENTRY | |
| Display text | Printed version: |
| International Standard Serial Number | 1383-875X |
| 856 40 - ELECTRONIC LOCATION AND ACCESS | |
| Uniform Resource Identifier | <a href="https://doi.org/10.1007/10840.1572-8595">https://doi.org/10.1007/10840.1572-8595</a> |
| Public note | Hybrid |
| 942 ## - ADDED ENTRY ELEMENTS (KOHA) | |
| Koha item type | ЕЖурнал |
Немає доступних примірників.